000 00489nam a2200169 i 4500
001 142157
003 ES-MaACL
005 20230906200446.0
007 t|
008 071003s1956 sp ||||1| spa d
100 1 _aWaltari, Mika.
_9116000
245 1 0 _aJuego peligroso /
_cMika Waltari ; [versión castellana de Víctor Scholz].
260 _aBarcelona :
_bG. P.,
_c[1956]
300 _a159 p. ;
_c18 cm.
700 1 _aScholz, Víctor.
_9104643
852 _aES-MaACL
_jG-3482
_bR.38878
999 _c142157
_d142157